Haikyu Character's Names #3 - Statistics

General Stats
  • This quiz has been taken 36 times
  • The average score is 11 of 16
Answer Stats
Picture Answer % Correct
Kei Tsukishima
100%
Kenma Kozume
100%
Yu Nishinoya
100%
Daichi Sawamura
96%
Tetsuro Kuroo
96%
Atsumu Miya
88%
Kiyoko Shimizu
85%
Saeko Tanaka
85%
Aran Ojiro
65%
Eita Semi
58%
Yutaro Kindaichi
58%
Kazuhito Narita
54%
Korai Hoshiumi
54%
Shinji Watari
38%
Reon Ohira
35%
Wataru Onaga
12%
No matching quizzes found
Score Distribution
Percent of People with Each Score
Percentile by Number Answered
Your Score History
You have not taken this quiz